Naushir Bharucha guide to the electricity laws/ (Record no. 158806)

MARC details
000 -LEADER
fixed length control field 00851nam a22002297a 4500
005 - DATE AND TIME OF LATEST TRANSACTION
control field 20181115111451.0
010 ## - LCCN (DPL NO)
LC control number ENG-124517
020 ## - INTERNATIONAL STANDARD BOOK NUMBER
Terms of availability 2995.00
International Standard Book Number 9788131253892
035 ## - SYSTEM CONTROL NUMBER
System control number EN-108049
037 ## - SOURCE OF ACQUISITION
Source of stock number/acquisition DBAD/PUB
082 ## - DEWEY DECIMAL CLASSIFICATION NUMBER
Classification number 343.540929
100 ## - MAIN ENTRY--PERSONAL NAME
Personal name Badri Vishal
245 ## - TITLE STATEMENT
Title Naushir Bharucha guide to the electricity laws/
Remainder of title by Badri Vishal; foreword by Shivaraj V. Patil
250 ## - EDITION STATEMENT
Edition statement 5th ed.
260 ## - PUBLICATION, DISTRIBUTION, ETC. (IMPRINT)
Place of publication, distribution, etc Gurgaon
Name of publisher, distributor, etc Lexis Nexis
Date of publication, distribution, etc 2018
270 ## - ADDRESS
Address 14th floor,Building No-10, Tower-B,DLF Cyber City Phase-11
City Gurgaon
Postal code 122002
300 ## - PHYSICAL DESCRIPTION
Extent civ, 1688p.(1-52p.)
Dimensions 25cm.(Hb)
500 ## - GENERAL NOTE
General note An exhaustive commentary on the Electricity Act, 2003, and the Electricity Rules, 2005 with CERC Rules and Regulaions
500 ## - GENERAL NOTE
General note It includes subject index
700 ## - ADDED ENTRY--PERSONAL NAME
Personal name Patil, Shivaraj V.
942 ## - ADDED ENTRY ELEMENTS (KOHA)
Source of classification or shelving scheme Dewey Decimal Classification
Item type English Books
Call number suffix BAD
Classification part 343.540929
Holdings
Withdrawn status Lost status Not for loan Collection code Home library Current library Date acquired Source of acquisition Cost, normal purchase price Full call number Barcode Copy number Cost, replacement price Koha item type
    Not For Loan Non-fiction D.B.Act.Division Bawana 15/11/2018 DBAD/PUB 2995.00 343.540929 NAU EN-108049 1 2995.00 English Books

© Delhi Public Library
Hit Counter
free hit counter